Szorongás, Az utolsó stáció

Elmentve itt :
Bibliográfiai részletek
Szerző: Katona Judit
Dokumentumtípus: Cikk
Megjelent: 1987-05-09
Sorozat:Délmagyarország 77 No. 108
Online Access:http://dmarchiv.bibl.u-szeged.hu/95634
LEADER 00416nab a2200145 i 4500
001 delm95634
005 20190918143725.0
008 190918s1987 hu o 0|| hun d
040 |a SZTE Délmagyarország Archívum  |b hun 
041 |a hun 
100 1 |a Katona Judit 
245 1 0 |a Szorongás, Az utolsó stáció  |h [elektronikus dokumentum] /  |c  Katona Judit 
260 |c 1987-05-09 
300 |a 5 
490 0 |a Délmagyarország  |v 77 No. 108